| 000 | 01404nam0a2200313 4500 | ||
|---|---|---|---|
| 001 | RU\NLR\bibl\977634 | ||
| 005 | 20260405171100.0 | ||
| 020 |
_aRU _b06-02141 _9Летопись авторефератов диссертаций |
||
| 021 |
_aRU _b2005-24343а _9974а |
||
| 035 | _a(NLR Aleph) 000965554 | ||
| 090 |
_a366709 _c366709 |
||
| 100 | _a20060504d2005 u u0rusy50 ca | ||
| 101 | 0 | _arus | |
| 102 | _aRU | ||
| 105 | _ay dm ||||| | ||
| 200 | 1 |
_aГерменевтика вымысла _e(Анализ опыта вымысла в процессе смыслообразования) _eавтореф. дис. на соиск. учен. степ. канд. филос. наук _eспециальность 09.00.01 <Онтология и теория познания> _fИванов Алексей Геннадьевич _g[Тюмен. гос. ун-т] |
|
| 210 |
_aТюмень _d2005 |
||
| 215 |
_a27 с. _d21 |
||
| 320 | _aБиблиогр.: в конце кн. (3 назв.) | ||
| 675 |
_a161.1 _v3 _zrus |
||
| 686 |
_a02.21 _2rugasnti |
||
| 686 |
_a87.4 _2rubbk |
||
| 686 |
_a09.00.01 _2oksvnk |
||
| 700 | 1 |
_4070 _8rus _7ca _aИванов _bА. Г. _cканд. филос. наук _gАлексей Геннадьевич _3RU\NLR\auth\7772775 _955703 |
|
| 801 | 0 |
_aRU _bRKP _c20060504 _gPSBO |
|
| 801 | 1 |
_aRU _bRKP _c20060504 |
|
| 801 | 2 |
_aRU _bNLR _c20060823 _grcr |
|
| 942 | _cBOOK | ||